Práca s rozhlasom metodická príručka pre rozhlasové krúžky

Bibliographic Details
Main Author: Bartošek, Fraňo (Author)
Format: Book
Language:Slovak
PhysicalDescription:117 strán fotografie, ilustrácie 21 cm
Published: Martin Osveta 1955
Edition:Vydanie 1.
Series:Knižnica osvety
Subjects:

MARC

LEADER 00000cam a2200000 a 4500
001 vtls008363746
003 SK-MaSNL
005 20260301050610.0
008 230403s1955 xo oa grnf 000 0 slo
015 |a SNBA19451955-000564 
020 |q (brožované) 
035 |a SK01SNKBKSFS20020055963 
035 |a urn:nbn:sk:snk-am3i5k5 
035 |a 6DF763CD-1B2D-4A35-84C8-CD88E71D64F7 
035 |a urn:nbn:sk:snk-am00dkux 
035 |a SKM000058426 
040 |a SNK  |b slo  |c SNK  |e AACR2 
041 0 |a slo 
044 |a xo  |c SK 
080 |a 791.9.096  |2 1981 
080 |a (072)  |2 2011 
080 |a 654.195.6  |2 2011 
080 |a 7.096  |2 2011 
100 1 |a Bartošek, Fraňo  |4 aut  |9 11066 
245 1 0 |a Práca s rozhlasom  |b metodická príručka pre rozhlasové krúžky  |c Fraňo Bartošek 
250 |a Vydanie 1. 
260 |a Martin  |b Osveta  |c 1955  |e Ružomberok  |f Severoslovenské tlačiarne 
300 |a 117 strán  |b fotografie, ilustrácie  |c 21 cm 
366 |e 1100 kusov 
490 1 |a Knižnica osvety  |v zv. 39 
504 |a Obsahuje bibliografiu ; zoznam odporúčaných platní pre rozhlasovú gramodiskotéku a zoznam predajní 
650 0 7 |a rozhlas  |2 SNKPH  |9 18755 
650 0 7 |a rozhlasové vysielanie  |2 SNKPH  |9 19400 
650 0 7 |a rozhlasové relácie  |2 SNKPH  |9 75079 
655 7 |a metodické príručky  |2 SNKPH  |9 70250 
830 0 |a Knižnica osvety  |9 307598 
852 |a Slovenská národná knižnica 
954 |a odborná, vedecká literatúra pôvodná (slovenská)  |2 lita 
958 |a RK 
958 |a TL 
958 |a NB 
958 |a OND 
958 |a EUIPO 
999 |c 601331  |d 603261 
952 |a SNK  |b SNK  |y PREZ  |7 0  |p 17A0779820  |o snkSC 5919  |i snk724/55  |0 0  |1 0  |4 0  |d 2019-04-16  |f 1  |l 0  |r 2025-07-04 00:00:00  |w 2026-02-23